[Event "GER-ch (Women)"]
[Site "Ostfildern"]
[Date "2023.08.14"]
[Round "1"]
[White "Wartenberg, Alissa"]
[Black "Schulze, Lara"]
[Result "0-1"]
[WhiteElo "1825"]
[BlackElo "2304"]
[PlyCount "118"]
[EventDate "2023.08.14"]
[EventType "swiss"]
[EventRounds "9"]
[EventCountry "GER"]
[SourceTitle "CBM 215 Extra"]
[Source "ChessBase"]
[SourceDate "2023.09.30"]
[SourceVersion "1"]
[SourceVersionDate "2023.09.30"]
[SourceQuality "1"]

1. e4 e5 2. Nf3 Nc6 3. Bb5 a6 4. Ba4 Nf6 5. 0-0 d6 6. d3 b5 7. Bb3 Na5 8. Bg5 h6 9. Bh4 g5 10. Bg3 Bg7 11. Re1 0-0 12. Nbd2 Nh7 13. c3 Nxb3 14. Nxb3 h5 15. h3 h4 16. Bh2 g4 17. hxg4 Bxg4 18. d4 Ng5 19. dxe5 Bxf3 20. gxf3 dxe5 21. Qxd8 Nxf3+ 22. Kh1 Rfxd8 23. Red1 h3 24. Nc5 Rd6 25. Nb7 Rb6 26. Nc5 Rd6 27. Nb7 Rb6 28. Nc5 Rc6 29. b4 f5 30. Rd3 fxe4 31. Nxe4 Rf8 32. Nc5 Nxh2 33. Kxh2 Rxf2+ 34. Kxh3 Rg6 35. Ne4 Rf4 36. Re1 Rf5 37. Rg3 Kf7 38. Rxg6 Kxg6 39. Rg1+ Kf7 40. Nc5 Rf6 41. Rd1 Rf3+ 42. Kg2 Rxc3 43. Rd7+ Kg6 44. Rxc7 Rc2+ 45. Kf3 Rxa2 46. Ra7 Rb2 47. Nxa6 Ra2 48. Ke4 Bf6 49. Ra8 Ra1 50. Nc7 Ra4 51. Rxa4 bxa4 52. Nd5 a3 53. Nc3 Kf7 54. Ke3 Ke6 55. Kd2 e4 56. Nxe4 a2 57. Nc5+ Kd5 58. Nb3 Kc4 59. Kc2 Kxb4 0-1

[Event "Bremen-ch"]
[Site "Bremen"]
[Date "2023.04.08"]
[Round "9"]
[White "Elmali, Timur"]
[Black "Schulze, Lara"]
[Result "0-1"]
[WhiteElo "2123"]
[BlackElo "2277"]
[PlyCount "78"]
[EventDate "2023.03.27"]
[EventType "swiss"]
[EventRounds "9"]
[EventCountry "GER"]
[SourceTitle "CBM 213 Extra"]
[Source "ChessBase"]
[SourceDate "2023.05.31"]
[SourceVersion "1"]
[SourceVersionDate "2023.05.31"]
[SourceQuality "1"]

1. d4 d5 2. Nf3 Nf6 3. Bf4 e6 4. e3 c5 5. c3 Nc6 6. Nbd2 cxd4 7. exd4 Nh5 8. Bg5 f6 9. Ne5 g6 10. Nxc6 bxc6 11. Be3 Bd6 12. g3 Ng7 13. Qa4 Bd7 14. b4 Nf5 15. Nb3 e5 16. Bd3 Nxe3 17. fxe3 0-0 18. 0-0 Qc7 19. Qa5 Qb8 20. Nc5 Bh3 21. Na6 Qc8 22. Rf2 Qg4 23. Be2 Qg5 24. Bf3 exd4 25. exd4 Rae8 26. Nc7 Re7 27. Nxd5 cxd5 28. Qxd5+ Qxd5 29. Bxd5+ Kg7 30. Rb2 Be6 31. Bxe6 Rxe6 32. c4 Re4 33. c5 Bc7 34. Rd1 Rd8 35. Rbd2 Rd5 36. a4 Re3 37. Rd3 Rxd3 38. Rxd3 Be5 39. dxe5 Rxd3 0-1

[Event "Bremen-ch"]
[Site "Bremen"]
[Date "2023.04.03"]
[Round "4"]
[White "Martin, Dennis"]
[Black "Schulze, Lara"]
[Result "0-1"]
[WhiteElo "2005"]
[BlackElo "2277"]
[PlyCount "68"]
[EventDate "2023.03.27"]
[EventType "swiss"]
[EventRounds "9"]
[EventCountry "GER"]
[SourceTitle "CBM 213 Extra"]
[Source "ChessBase"]
[SourceDate "2023.05.31"]
[SourceVersion "1"]
[SourceVersionDate "2023.05.31"]
[SourceQuality "1"]

1. d4 Nf6 2. c4 e6 3. Nf3 a6 4. Bf4 c5 5. Nc3 cxd4 6. Nxd4 d5 7. e3 Nc6 8. Nf3 Bb4 9. Bg5 h6 10. Bxf6 Qxf6 11. Rc1 0-0 12. a3 Bxc3+ 13. Rxc3 Rd8 14. Qc2 dxc4 15. Bxc4 e5 16. 0-0 Bf5 17. Qc1 e4 18. Nd2 Ne5 19. Be2 Qg6 20. Rd1 Bh3 21. g3 Bg4 22. Bxg4 Qxg4 23. Rc2 Rd6 24. Kg2 Rad8 25. Rh1 Nf3 26. h3 Qf5 27. Nc4 Nh4+ 28. Kh2 Qf3 29. gxh4 Rd1 30. Rxd1 Rxd1 31. Qxd1 Qxd1 32. Rd2 Qc1 33. Rd8+ Kh7 34. Ne5 Qc7 0-1

[Event "EU-ch (Women) 23rd"]
[Site "Petrovac"]
[Date "2023.03.27"]
[Round "9"]
[White "Gaponenko, Inna"]
[Black "Schulze, Lara"]
[Result "1-0"]
[WhiteElo "2349"]
[BlackElo "2277"]
[PlyCount "115"]
[EventDate "2023.03.18"]
[EventType "swiss"]
[EventRounds "11"]
[EventCountry "MNE"]
[SourceTitle "CBM 213 Extra"]
[Source "ChessBase"]
[SourceDate "2023.05.31"]
[SourceVersion "1"]
[SourceVersionDate "2023.05.31"]
[SourceQuality "1"]

1. e4 e5 2. Nf3 Nc6 3. Bb5 a6 4. Ba4 Nf6 5. 0-0 Bc5 6. c3 b5 7. Bb3 d6 8. d4 Bb6 9. Be3 0-0 10. Nbd2 h6 11. h3 Re8 12. Re1 exd4 13. cxd4 Nb4 14. Qb1 c5 15. a3 Nc6 16. d5 Nd4 17. Bd1 Nxf3+ 18. Bxf3 c4 19. b3 cxb3 20. Nxb3 Nd7 21. a4 Ne5 22. Bd1 bxa4 23. Nd4 Nc4 24. Nc6 Qc7 25. Bxb6 Qxb6 26. Bxa4 Bd7 27. Qc2 Ne5 28. Reb1 Qc7 29. Nxe5 Qxc2 30. Bxc2 dxe5 31. Bd3 a5 32. Rb7 Red8 33. Bc4 Kf8 34. f3 Ke8 35. Bb5 a4 36. Rxd7 Rxd7 37. Rxa4 Rb8 38. Bxd7+ Kxd7 39. Ra7+ Ke8 40. h4 Rb2 41. h5 Rd2 42. Kh2 Rb2 43. Kh3 Rf2 44. Rc7 Kf8 45. d6 Ke8 46. Re7+ Kf8 47. Rxe5 Rd2 48. Rd5 Rxd5 49. exd5 Ke8 50. Kg4 Kd7 51. Kf5 Kxd6 52. Ke4 Kd7 53. Ke5 Ke7 54. g4 Kd7 55. f4 Ke7 56. g5 Kd7 57. gxh6 gxh6 58. Ke4 1-0

[Event "EU-ch (Women) 23rd"]
[Site "Petrovac"]
[Date "2023.03.23"]
[Round "6"]
[White "Donghvani, Nia"]
[Black "Schulze, Lara"]
[Result "1/2-1/2"]
[WhiteElo "2025"]
[BlackElo "2277"]
[PlyCount "62"]
[EventDate "2023.03.18"]
[EventType "swiss"]
[EventRounds "11"]
[EventCountry "MNE"]
[SourceTitle "CBM 213 Extra"]
[Source "ChessBase"]
[SourceDate "2023.05.31"]
[SourceVersion "1"]
[SourceVersionDate "2023.05.31"]
[SourceQuality "1"]

1. c4 e5 2. Nc3 Nf6 3. Nf3 Nc6 4. e4 Bb4 5. d3 d6 6. a3 Bc5 7. b4 Bb6 8. Na4 Bd4 9. Nxd4 Nxd4 10. Be2 0-0 11. 0-0 Be6 12. Nc3 c6 13. f4 a5 14. Rb1 axb4 15. axb4 exf4 16. Rxf4 Nxe2+ 17. Qxe2 d5 18. e5 Nd7 19. cxd5 cxd5 20. d4 Nb6 21. Qh5 Qc8 22. Bd2 Qc4 23. Rh4 Qd3 24. Rf1 Qg6 25. Qxg6 hxg6 26. Nb5 Rfc8 27. Bg5 Rc2 28. Rhf4 Nc4 29. R4f2 Rxf2 30. Rxf2 Ra4 31. Be7 Ra1+ 1/2-1/2

[Event "Staufer op 33rd"]
[Site "Schwaebisch Gmuend"]
[Date "2023.01.06"]
[Round "9"]
[White "Minor, Samuel"]
[Black "Schulze, Lara"]
[Result "0-1"]
[WhiteElo "2162"]
[BlackElo "2281"]
[PlyCount "63"]
[EventDate "2023.01.02"]
[EventType "swiss"]
[EventRounds "9"]
[EventCountry "GER"]
[SourceTitle "CBM 212 Extra"]
[Source "ChessBase"]
[SourceDate "2023.03.31"]
[SourceVersion "1"]
[SourceVersionDate "2023.03.31"]
[SourceQuality "1"]

1. e4 c5 2. Nf3 Nc6 3. Bb5 g6 4. 0-0 Bg7 5. c3 Nf6 6. Re1 0-0 7. h3 e5 8. d4 cxd4 9. cxd4 Nxd4 10. Nxd4 Qb6 11. Nb3 Qxb5 12. Nc3 Qa6 13. Bg5 h6 14. Bxf6 Bxf6 15. Re3 d6 16. Rd3 Be6 17. Rxd6 Qc4 18. Nd5 Bg5 19. h4 Bxh4 20. Rxe6 Bxf2+ 21. Kh1 fxe6 22. Qg4 Kg7 23. Rc1 exd5 24. Rxc4 dxc4 25. Nd2 Rad8 26. Nf3 Be3 27. Kh2 Rf6 28. g3 h5 29. Qh4 Rd1 30. Kg2 Rb1 31. Qh3 Rxb2+ 32. Kh1 0-1